Clever children in comprehensive schools /

Bibliographic Details
Main Author: Stevens, Auriol, 1940-
Format: Book
Language:English
Published: London ; San Francisco : Harper & Row, 1980.
Series:Harper education series.
Subjects:

MARC

Tag First Indicator Second Indicator Subfields
LEADER 00000cam a2200000 a 4500
001 in00000091635
005 20150923131704.0
008 801120s1980 enk b 00010 eng d
020 |a 0063181657 
035 |a (OCoLC)06962712 
035 |9 AAK6966AM 
040 |a WAU  |c WAU  |d TXA  |d UtOrBLW 
043 |a e-uk--- 
049 |a TXAM  |c [801079] 
090 |a LC3997.G7  |b S84 
090 |a LA635  |b  S82 1980a 
100 1 |a Stevens, Auriol,  |d 1940- 
245 1 0 |a Clever children in comprehensive schools /  |c Auriol Stevens. 
264 1 |a London ;  |a San Francisco :  |b Harper & Row,  |c 1980. 
300 |a 171 pages ;  |c 22 cm. 
336 |a text  |b txt  |2 rdacontent 
337 |a unmediated  |b n  |2 rdamedia 
338 |a volume  |b nc  |2 rdacarrier 
490 1 |a Harper education series 
504 |a Bibliography: pages 168-171. 
650 0 |a Comprehensive high schools  |z England. 
650 0 |a Ability grouping in education. 
650 0 |a Gifted children  |x Education  |z England. 
830 0 |a Harper education series. 
999 |a MARS 
999 f f |s 98b5319e-b71b-31e0-9276-66d20f644778  |i ffaafdb4-bd56-37e4-bd25-340ba4f73f6c  |t 0 
952 f f |p normal  |a Texas A&M University  |b College Station  |c Sterling C. Evans Library  |d Evans: Library Stacks  |t 0  |e LA635 S82 1980a  |h Library of Congress classification  |i unmediated -- volume  |m A14806018155 
998 f f |a LA635 S82 1980a  |t 0  |l Evans: Library Stacks